Proceedings of the AIDS conference 1986. (Record no. 46145)
[ view plain ]
| 000 -LEADER | |
|---|---|
| fixed length control field | 00444cam1a220016900 4500 |
| 001 - CONTROL NUMBER | |
| control field | tmp15849461 |
| 003 - CONTROL NUMBER IDENTIFIER | |
| control field | UPRA |
| 005 - DATE AND TIME OF LATEST TRANSACTION | |
| control field | 20190814090638.0 |
| 008 - FIXED-LENGTH DATA ELEMENTS--GENERAL INFORMATION | |
| fixed length control field | 951107n enk eng u |
| 035 ## - SYSTEM CONTROL NUMBER | |
| System control number | (Sirsi) r36402 |
| 035 ## - SYSTEM CONTROL NUMBER | |
| System control number | (UPRA)tmp15849461 |
| 040 ## - CATALOGING SOURCE | |
| Transcribing agency | UPRA |
| 245 00 - TITLE STATEMENT | |
| Title | Proceedings of the AIDS conference 1986. |
| 260 ## - PUBLICATION, DISTRIBUTION, ETC. | |
| Place of publication, distribution, etc. | Newcastle Upon Tyne, England. |
| 949 ## - LOCAL PROCESSING INFORMATION (OCLC) | |
| a | RC607 |
| w | LC |
| i | -43137 |
| m | MEDICAL |
| t | BOOK |
| l | ON-SHELF |
No items available.